Thiết kế bộ lọc FIR bằng phương pháp cửa sổ
Nghiên cứu, tìm hiểu các đặc trưng, tính chất, cấu trúc của bộ lọc FIR và học cách thiết kế một bộ lọc FIR bằng phương pháp cửa sổ. Từ đó thiết kế được một bộ lọc FIR thông thấp bằng phương pháp cửa sổ sử dụng Matlab.
Spremljeno u:
| Glavni autor: | |
|---|---|
| Daljnji autori: | |
| Format: | Knjiga |
| Jezik: | Vietnamese |
| Izdano: |
Đà Nẵng
Đại học Sư phạm, Đại học Đà Nẵng
2013
|
| Teme: | |
| Oznake: |
Dodaj oznaku
Bez oznaka, Budi prvi tko označuje ovaj zapis!
|
| Thư viện lưu trữ: | Mạng thư viện Đại học Đà Nẵng |
|---|
| LEADER | 01822nam a2200385 4500 | ||
|---|---|---|---|
| 001 | 000019177 | ||
| 003 | 15612 | ||
| 005 | 20140324130329.0 | ||
| 008 | 140320s2013 viesd | ||
| 041 | |a vie | ||
| 072 | |a VL | ||
| 082 | 1 | 4 | |a 621.381 |b TR-H |
| 100 | 1 | |a Trần Lê Thị Minh Huyền | |
| 245 | 1 | 0 | |a Thiết kế bộ lọc FIR bằng phương pháp cửa sổ |c Trần Lê Thị Minh Huyền ; Huỳnh Việt Thắng hướng dẫn |k Khóa luận tốt nghiệp |
| 260 | |a Đà Nẵng |b Đại học Sư phạm, Đại học Đà Nẵng |c 2013 | ||
| 300 | |a 60 tr. |b Hình mh. |c 29 cm. | ||
| 500 | |a Khóa luận tốt nghiệp đại học. Chuyên ngành: Cử nhân Vật lý | ||
| 520 | |a Nghiên cứu, tìm hiểu các đặc trưng, tính chất, cấu trúc của bộ lọc FIR và học cách thiết kế một bộ lọc FIR bằng phương pháp cửa sổ. Từ đó thiết kế được một bộ lọc FIR thông thấp bằng phương pháp cửa sổ sử dụng Matlab. | ||
| 650 | 0 | 4 | |a Bộ lọc số |v Khóa luận tốt nghiệp |x Thiết kế mạch |x Phương pháp cửa sổ |
| 653 | |a Bộ lọc số FIR | ||
| 653 | |a Phương pháp cửa sổ | ||
| 653 | |a Khoa Vật Lý | ||
| 653 | |a Vật lí ứng dụng | ||
| 653 | |a Điện tử | ||
| 700 | 1 | |a Huỳnh Việt Thắng |c TS. |e Hướng dẫn | |
| OWN | |a LSP | ||
| AVA | |a UDN50 |b LSP |d 621.381 TR-H |e available |t Error 5001 Not defined in file expand_doc_bib_avail. |f 1 |g 0 |h N |i 0 |k 1 | ||
| 999 | |a From the UDN01 | ||
| AVA | |a UDN50 |b LSP |d 621.381 TR-H |e available |t Error 5001 Not defined in file expand_doc_bib_avail. |f 1 |g 0 |h N |i 0 |k 1 | ||
| TYP | |a Monograph | ||
| TYP | |a Printed language | ||
| 980 | |a Mạng thư viện Đại học Đà Nẵng | ||